000 01743cam a22005174i 4500
003 PE-LiUPU
005 20250731165642.0
008 150616s r 000 0 d
020 _a0810371596
035 _a(Sirsi) i9780810371590
040 _aPE-LiUPU
_bspa
_cPE-LiUPU
_erda
049 _aPRUA
082 0 4 _a299.903e
_bM41
_221
100 1 _aMelton, J. Gordon,
_eautor.
245 1 0 _aNew Age. Encyclopedia /
_cJ. Gordon Melton.
264 1 _aDetroit, Londres :
_bGale Research Inc.,
_c1990.
300 _a586 páginas ;
_c23 centímetros
336 _atext
_2rdacontent
337 _aunmediated
_2rdamedia
338 _avolume
_2rdacarrier
505 0 _aEnciclopedia de la Nueva Era: A - Z Enciclipedia.
526 _aSEG44
526 _aSEG26
526 _aP151
526 _aP150
526 _aP149
526 _aP146
526 _aP145
526 _aP126
526 _aP125
526 _aP92
526 _aP75
526 _aP74
526 _aP27
526 _aP15
650 0 4 _aNueva era
_vEnciclopedias.
700 1 _aAidan A. Kelly,
_eeditor.
700 1 _aJerome, Clark,
_eeditor.
910 _ajck
_bjvq
_cjck
942 _2ddc
_cBOOK
949 _aRC 299.903E M41
_wDEWEY
_c1
_i40616
_lCCODEBUL1
_mBUL
_r0
_sY
_tBOOK
_u2015-6-16
_xTEOLOGIA
_zUNKNOWN
_0COMPRA
_o.CIRCNOTE. No olvidar cambiar la fecha de devolución!!!!!!!
_o.STAFF. Colección General
994 _aC0
_bPEPRU
596 _a1
999 _aRC 299.903E M41
_wDEWEY
_c58403
_i40616
_f2021-11-8
_g5
_lCCODEBUL1
_mBUL
_r1
_sY
_tBOOK
_u2015-6-16
_xTEOLOGIA
_zUNKNOWN
_0COMPRA
_o.CIRCNOTE. No olvidar cambiar la fecha de devolución!!!!!!!
_o.STAFF. Colección General
_d58403
980 _81
_gALBERTO SANCHEZ Responsable de Automatización